000 00579nam a2200181 i 4500
001 131864
003 ES-MaACL
005 20250925165620.0
007 t|
008 070214s1955 sp r ||||1| spa d
100 1 _aRodríguez-Moñino, Antonio.
_998681
245 1 0 _aDon Bartolomé José Gallardo
_b: (1776-1852) : estudio bibliográfico /
_cpor A. Rodríguez-Moñino.
260 _aMadrid :
_bSancha,
_c1955.
300 _a362 p. ;
_c25 cm.
600 1 4 _aGallardo, Bartolomé José,
_d1776-1852
_953478
852 _aES-MaACL
_jC-10061
_bR.38131
999 _c131864
_d131864